Red Hot Chili Peppers Discography - Statistics

General Stats
  • This quiz has been taken 21 times
  • The average score is 52 of 206
Answer Stats
Year Album Song % Correct
1999 Californication Californication
93%
1999 Californication Scar Tissue
86%
1991 Blood Sugar Sex Magik Under the Bridge
86%
2002 By the Way By the Way
79%
2002 By the Way Can't Stop
79%
2006 Stadium Arcadium Dani California
79%
2006 Stadium Arcadium Snow (Hey Oh)
79%
2006 Stadium Arcadium Wet Sand
79%
1999 Californication Around the World
71%
2006 Stadium Arcadium Stadium Arcadium
71%
2016 The Getaway Dark Necessities
57%
1999 Californication Get on Top
57%
1991 Blood Sugar Sex Magik Give It Away
57%
1999 Californication Otherside
57%
1999 Californication Parallel Universe
57%
1991 Blood Sugar Sex Magik Blood Sugar Sex Magik
50%
2002 By the Way Dosed
50%
2006 Stadium Arcadium Hump de Bump
50%
2002 By the Way I Could Die For You
50%
2006 Stadium Arcadium If
50%
1991 Blood Sugar Sex Magik If You Have to Ask
50%
1999 Californication I Like Dirt
50%
1995 One Hot Minute One Hot Minute
50%
1999 Californication Porcelain
50%
1999 Californication Road Trippin'
50%
2006 Stadium Arcadium Slow Cheetah
50%
1991 Blood Sugar Sex Magik Suck My Kiss
50%
2002 By the Way Tear
50%
2006 Stadium Arcadium Tell Me Baby
50%
2002 By the Way The Zephyr Song
50%
1991 Blood Sugar Sex Magik Apache Rose Peacock
43%
1991 Blood Sugar Sex Magik Breaking the Girl
43%
2002 By the Way Cabron
43%
2006 Stadium Arcadium Charlie
43%
1999 Californication Emit Remmus
43%
1991 Blood Sugar Sex Magik I Could Have Lied
43%
1999 Californication Purple Stain
43%
2006 Stadium Arcadium Readymade
43%
2006 Stadium Arcadium She's Only 18
43%
2016 The Getaway Sick Love
43%
2016 The Getaway The Getaway
43%
2002 By the Way This Is the Place
43%
1999 Californication This Velvet Glove
43%
2002 By the Way Universally Speaking
43%
1995 One Hot Minute Aeroplane
36%
2006 Stadium Arcadium Desecration Smile
36%
2002 By the Way Don't Forget Me
36%
1999 Californication Easily
36%
2006 Stadium Arcadium Especially in Michigan
36%
1991 Blood Sugar Sex Magik Funky Monks
36%
2006 Stadium Arcadium Hey
36%
1991 Blood Sugar Sex Magik Mellowship Slinky in B Major
36%
2002 By the Way Midnight
36%
1991 Blood Sugar Sex Magik Naked in the Rain
36%
2002 By the Way On Mercury
36%
1999 Californication Right on Time
36%
1999 Californication Savior
36%
1991 Blood Sugar Sex Magik Sir Psycho Sexy
36%
2006 Stadium Arcadium Strip My Mind
36%
2011 I'm with You The Adventures of Rain Dance Maggie
36%
1991 Blood Sugar Sex Magik They're Red Hot
36%
2002 By the Way Throw Away Your Television
36%
2006 Stadium Arcadium Warlocks
36%
2002 By the Way Warm Tape
36%
2006 Stadium Arcadium 21st Century
29%
2006 Stadium Arcadium C'mon Girl
29%
2006 Stadium Arcadium Death of a Martian
29%
2016 The Getaway Encore
29%
1985 Freaky Styley Freaky Styley
29%
2016 The Getaway Go Robot
29%
2011 I'm with You Look Around
29%
2002 By the Way Minor Thing
29%
2022 Unlimited Love She's a Lover
29%
2006 Stadium Arcadium So Much I
29%
1995 One Hot Minute Tearjerker
29%
1991 Blood Sugar Sex Magik The Greeting Song
29%
2016 The Getaway The Longest Wave
29%
1991 Blood Sugar Sex Magik The Power of Equality
29%
1991 Blood Sugar Sex Magik The Righteous & the Wicked
29%
2006 Stadium Arcadium Torture Me
29%
2002 By the Way Venice Queen
29%
2006 Stadium Arcadium Animal Bar
21%
1987 The Uplift Mofo Party Plan Behind the Sun
21%
2022 Unlimited Love Black Summer
21%
2011 I'm with You Brendan's Death Song
21%
1995 One Hot Minute Coffee Shop
21%
2011 I'm with You Even You Brutus?
21%
1984 Red Hot Chili Peppers Get Up and Jump
21%
2016 The Getaway Goodbye Angels
21%
1989 Mother's Milk Good Time Boys
21%
1989 Mother's Milk Higher Ground
21%
2006 Stadium Arcadium Make You Feel Better
21%
1995 One Hot Minute My Friends
21%
1991 Blood Sugar Sex Magik My Lovely Man
21%
2006 Stadium Arcadium She Looks to Me
21%
1993 Bonus Track Soul to Squeeze
21%
1989 Mother's Milk Subway to Venus
21%
1989 Mother's Milk Taste the Pain
21%
1984 Red Hot Chili Peppers True Men Don't Kill Coyotes
21%
2006 Stadium Arcadium Turn It Again
21%
2022 Unlimited Love Veronica
21%
1995 One Hot Minute Walkabout
21%
2016 The Getaway We Turn Red
21%
1985 Freaky Styley Yertle the Turtle
21%
1985 Freaky Styley American Ghost Dance
14%
2011 I'm with You Annie Wants a Baby
14%
1985 Freaky Styley Catholic School Girls Rule
14%
2011 I'm with You Dance, Dance, Dance
14%
2016 The Getaway Detroit
14%
2016 The Getaway Dreams of a Samurai
14%
2011 I'm with You Factory of Faith
14%
1995 One Hot Minute Falling into Grace
14%
2016 The Getaway Feasting on the Flowers
14%
1989 Mother's Milk Fire
14%
1987 The Uplift Mofo Party Plan Funky Crime
14%
2011 I'm with You Goodbye Hooray
14%
1984 Red Hot Chili Peppers Grand Pappy Du Plenty
14%
2011 I'm with You Happiness Loves Company
14%
2006 Stadium Arcadium Hard to Concentrate
14%
1985 Freaky Styley Hollywood (Africa)
14%
1985 Freaky Styley Jungle Man
14%
1989 Mother's Milk Knock Me Down
14%
1989 Mother's Milk Magic Johnson
14%
1987 The Uplift Mofo Party Plan Me and My Friends
14%
1984 Red Hot Chili Peppers Mommy Where's Daddy
14%
2011 I'm with You Monarchy of Roses
14%
1985 Freaky Styley Nevermind
14%
1989 Mother's Milk Nobody Weird Like Me
14%
1995 One Hot Minute One Big Mob
14%
1984 Red Hot Chili Peppers Out in L.A.
14%
1987 The Uplift Mofo Party Plan Party on Your Pussy
14%
1995 One Hot Minute Pea
14%
2011 I'm with You Police Station
14%
1989 Mother's Milk Pretty Little Ditty
14%
1989 Mother's Milk Punk Rock Classic
14%
1989 Mother's Milk Sexy Mexican Maid
14%
1995 One Hot Minute Shallow Be Thy Game
14%
1990 Bonus Track Show Me Your Soul
14%
1987 The Uplift Mofo Party Plan Skinny Sweaty Man
14%
1989 Mother's Milk Stone Cold Bush
14%
2006 Stadium Arcadium Storm in a Teacup
14%
2016 The Getaway The Hunter
14%
2022 Unlimited Love These Are the Ways
14%
2016 The Getaway This Ticonderoga
14%
1995 One Hot Minute Warped
14%
2006 Stadium Arcadium We Believe
14%
2022 Return of the Dream Canteen Afterlife
7%
2022 Unlimited Love Aquatic Mouth Dance
7%
1984 Red Hot Chili Peppers Baby Appeal
7%
1987 The Uplift Mofo Party Plan Backwoods
7%
2022 Return of the Dream Canteen Bag of Grins
7%
2022 Unlimited Love Bastards of Light
7%
1985 Freaky Styley Battleship
7%
2022 Return of the Dream Canteen Bella
7%
1985 Freaky Styley Blackeyed Blonde
7%
1984 Red Hot Chili Peppers Buckle Down
7%
2022 Return of the Dream Canteen Carry Me Home
7%
2022 Return of the Dream Canteen Copperbelly
7%
1995 One Hot Minute Deep Kick
7%
2011 I'm with You Did I Let You Know
7%
2022 Return of the Dream Canteen Eddie
7%
2011 I'm with You Ethiopia
7%
2022 Return of the Dream Canteen Fake as Fu@K
7%
1987 The Uplift Mofo Party Plan Fight Like a Brave
7%
2003 Bonus Track Fortune Faded
7%
1984 Red Hot Chili Peppers Green Heaven
7%
2022 Return of the Dream Canteen Handful
7%
2011 Bonus Track Havana Affair
7%
2022 Unlimited Love Here Ever After
7%
1985 Freaky Styley If You Want Me to Stay
7%
2022 Return of the Dream Canteen In the Snow
7%
2022 Unlimited Love It's Only Natural
7%
1989 Mother's Milk Johnny, Kick a Hole in the Sky
7%
2022 Return of the Dream Canteen La La La La La La La La
7%
2022 Unlimited Love Let 'Em Cry
7%
1996 Bonus Track Love Rollercoaster
7%
1987 The Uplift Mofo Party Plan Love Trilogy
7%
1985 Freaky Styley Lovin' and Touchin'
7%
2011 I'm with You Meet Me at the Corner
7%
2022 Return of the Dream Canteen My Cigarette
7%
1987 The Uplift Mofo Party Plan No Chump Love Sucker
7%
2022 Unlimited Love Not the One
7%
2022 Unlimited Love One Way Traffic
7%
1987 The Uplift Mofo Party Plan Organic Anti-Beat Box Band
7%
2022 Return of the Dream Canteen Peace and Love
7%
1984 Red Hot Chili Peppers Police Helicopter
7%
2022 Unlimited Love Poster Child
7%
2022 Return of the Dream Canteen Reach Out
7%
2022 Return of the Dream Canteen Roulette
7%
2003 Bonus Track Save the Population
7%
1985 Freaky Styley Sex Rap
7%
2022 Return of the Dream Canteen Shoot Me a Smile
7%
1987 The Uplift Mofo Party Plan Subterranean Homesick Blues
7%
2022 Unlimited Love Tangelo
7%
1985 Freaky Styley The Brothers Cup
7%
2022 Return of the Dream Canteen The Drummer
7%
2022 Unlimited Love The Great Apes
7%
2022 Unlimited Love The Heavy Wing
7%
1985 Freaky Styley Thirty Dirty Birds
7%
2022 Return of the Dream Canteen Tippa My Tongue
7%
1995 One Hot Minute Transcending
7%
1987 The Uplift Mofo Party Plan Walkin' on Down the Road
7%
2022 Unlimited Love Whatchu Thinkin'
7%
2022 Unlimited Love White Braids & Pillow Chair
7%
1984 Red Hot Chili Peppers Why Don't You Love Me
7%
1984 Red Hot Chili Peppers You Always Sing the Same
7%
No matching quizzes found
Score Distribution
Percent of People with Each Score
Percentile by Number Answered
Your Score History
You have not taken this quiz